| 000 | 00415nam a22001457a 4500 | ||
|---|---|---|---|
| 005 | 20160520211056.0 | ||
| 008 | 150916b xxu||||| |||| 00| 0 eng d | ||
| 040 | _cPK-LaUMT | ||
| 082 |
_aKHC R 891.4203 _bTAN-P |
||
| 100 | _aتنویر بخاری | ||
| 245 |
_aپنجابی اردو لغت _cتنویر بخاری |
||
| 260 |
_aلاہور _bاردو سائینس بورڈ _c1989 |
||
| 300 | _a1540 ص | ||
| 942 | _cREF | ||
| 999 |
_c75864 _d75864 |
||